000 00903nam a2200289Ia 4500
005 20260324140318.0
008 008 260324s9999 xx 000 0 eng d
020 _a9780429176111
037 _aEBOOK
040 _aCRL
040 _beng
040 _cCRL
041 _2eng
041 _aeng
084 _qCRL
100 _aI.V Krivosheina; H. V. Klapdor-Kleingrothaus
_91203920
245 0 _aLepton and Baryon Number Violation in Particle Physics, Astrophysics and Cosmology
245 0 _bProceedings of the First International Symposium on Lepton and Baryon Number Violation (Lepton-Baryon 98), European Centre for Theoretical Studies (ECT), Trento, Italy, 2
260 _bTaylor and Francis
260 _c1999
365 _a
365 _b1160
856 _uhttp://www.taylorfrancis.com/books/9780429176111
942 _cEBOOK
999 _c1805868
_d1805868